Understanding the impact of E-GP on grievance redress : a case of LGED of Bangladesh /

Bibliographic Details
Main Author: Chowdhury, Shuvra (Author)
Format: Book
Language:English
Published: Dhaka : A H Development Publishing House, 2025.
Subjects:
Classic Catalogue: View this record in Classic Catalogue
LEADER 03142nam a22003497a 4500
001 44417
003 BD-DhAAL
005 20250430153211.0
008 250430t2025 bg a|||| b||| 001 0 eng d
020 |a 97898499893431 
040 |a BD-DhAAL  |c BD-DhAAL 
082 |a 352.53095492  |2 23 
100 |a Chowdhury, Shuvra,  |e author.  |9 39739 
245 |a Understanding the impact of E-GP on grievance redress :  |b a case of LGED of Bangladesh /  |c Shuvra Chowdhury. 
260 |a Dhaka :  |b A H Development Publishing House,  |c 2025. 
300 |a 81 pages :  |b illustrations ;  |c 22 cm 
500 |a First published. 
504 |a Includes bibliographical references and index. 
526 |a BIGD  |x Mehnaz Rabbani Director, Operations, Strategy, and Partnership BRAC Institute of Governance and Development (BIGD) 
541 |e 44417, 44418, 44419, 44420, 44421, 44422, 44423 
650 |a Government purchasing  |z Bangladesh.  |9 58205 
650 |a Internet in public administration  |z Bangladesh.  |9 58206 
650 |a Public administration  |z Bangladesh. 
852 |a Ayesha Abed Library 
942 |2 ddc  |c BK 
999 |c 47300  |d 47300 
952 |0 0  |1 0  |2 ddc  |4 0  |6 352_530954920000000_CHO  |7 0  |9 77690  |a BIGD  |b BIGD  |d 2025-04-30  |e A H Development Publishing House  |g 560.00  |l 0  |o 352.53095492 CHO  |p 3050044422  |r 2025-04-30  |t 6  |v 700.00  |w 2025-04-30  |y BK  |x Requisitioned by Mehnaz Rabbani (Director, Operations, Strategy, and Partnership), BRAC Institute of Governance and Development (BIGD). 
952 |0 0  |1 0  |2 ddc  |4 0  |6 352_530954920000000_CHO  |7 0  |9 77691  |a BIGD  |b BIGD  |d 2025-04-30  |e A H Development Publishing House  |g 560.00  |l 0  |o 352.53095492 CHO  |p 3050044417  |r 2025-04-30  |t 1  |v 700.00  |w 2025-04-30  |y BK  |x Requisitioned by Mehnaz Rabbani (Director, Operations, Strategy, and Partnership), BRAC Institute of Governance and Development (BIGD). 
952 |0 0  |1 0  |2 ddc  |4 0  |6 352_530954920000000_CHO  |7 0  |9 77692  |a BIGD  |b BIGD  |d 2025-04-30  |e A H Development Publishing House  |g 560.00  |l 0  |o 352.53095492 CHO  |p 3050044420  |r 2025-04-30  |t 4  |v 700.00  |w 2025-04-30  |y BK  |x Requisitioned by Mehnaz Rabbani (Director, Operations, Strategy, and Partnership), BRAC Institute of Governance and Development (BIGD). 
952 |0 0  |1 0  |2 ddc  |4 0  |6 352_530954920000000_CHO  |7 0  |9 77693  |a BIGD  |b BIGD  |d 2025-04-30  |e A H Development Publishing House  |g 560.00  |l 0  |o 352.53095492 CHO  |p 3050044419  |r 2025-04-30  |t 3  |v 700.00  |w 2025-04-30  |y BK  |x Requisitioned by Mehnaz Rabbani (Director, Operations, Strategy, and Partnership), BRAC Institute of Governance and Development (BIGD). 
952 |0 0  |1 0  |2 ddc  |4 0  |6 352_530954920000000_CHO  |7 0  |9 77694  |a BIGD  |b BIGD  |d 2025-04-30  |e A H Development Publishing House  |g 560.00  |l 0  |o 352.53095492 CHO  |p 3050044418  |r 2025-04-30  |t 2  |v 700.00  |w 2025-04-30  |y BK  |x Requisitioned by Mehnaz Rabbani (Director, Operations, Strategy, and Partnership), BRAC Institute of Governance and Development (BIGD). 
952 |0 0  |1 0  |2 ddc  |4 0  |6 352_530954920000000_CHO  |7 0  |9 77695  |a BIGD  |b BIGD  |d 2025-04-30  |e A H Development Publishing House  |g 560.00  |l 0  |o 352.53095492 CHO  |p 3050044421  |r 2025-04-30  |t 5  |v 700.00  |w 2025-04-30  |y BK  |x Requisitioned by Mehnaz Rabbani (Director, Operations, Strategy, and Partnership), BRAC Institute of Governance and Development (BIGD).